Statistics for 10 Greatest Guitarists of All Time

Click here to take the quiz!

General Stats

  • This quiz has been taken 997 times
  • The average score is 6 of 10

Answer Stats

Answer% Correct
Jimi Hendrix
99%
Eric Clapton
88%
Chuck Berry
77%
B.B. King
72%
Jimmy Page
68%
Eddie Van Halen
66%
Keith Richards
66%
Pete Townshend
46%
Jeff Beck
36%
Duane Allman
28%

Score Distribution

Percentile by Number Answered

Percent of People with Each Score

Your Score History

You have not taken this quiz